Cytopathologic diagnosis of serous fluids (Record no. 31207)

MARC details
000 -LEADER
fixed length control field 00800nam a2200205 a 4500
008 - FIXED-LENGTH DATA ELEMENTS--GENERAL INFORMATION
fixed length control field 191127s2007 xx |||||||||||||| || u
020 ## - INTERNATIONAL STANDARD BOOK NUMBER
International Standard Book Number 9781416001454
050 ## - LIBRARY OF CONGRESS CALL NUMBER
Classification number RB 52 Shi
100 ## - MAIN ENTRY--PERSONAL NAME
Personal name Shidham, Vinod B
245 10 - TITLE STATEMENT
Title Cytopathologic diagnosis of serous fluids
Statement of responsibility, etc. By Vinod B Shidham ; Barbara F Atkinson
260 ## - PUBLICATION, DISTRIBUTION, ETC.
Place of publication, distribution, etc.
Name of publisher, distributor, etc. Saunders Elsevier
Date of publication, distribution, etc. 2007
300 ## - PHYSICAL DESCRIPTION
Extent xvi, 269 pages : illustrations
350 ## -
-- 299.98
650 ## - SUBJECT ADDED ENTRY--TOPICAL TERM
Topical term or geographic name entry element SEROUS MEMBRANE--PATHOLOGY
650 ## - SUBJECT ADDED ENTRY--TOPICAL TERM
Topical term or geographic name entry element BODY FLUIDS--EXAMINATION
650 ## - SUBJECT ADDED ENTRY--TOPICAL TERM
Topical term or geographic name entry element BODY FLUIDS--ANALYSIS
650 ## - SUBJECT ADDED ENTRY--TOPICAL TERM
Topical term or geographic name entry element DIAGNOSIS, LABORATORY--METHODS
700 ## - ADDED ENTRY--PERSONAL NAME
Personal name atkinson, Barbara F
995 ## -
-- MEDICAL LIBRARY OPEN ACCESS
-- 904525
-- CBU-SCHOOL OF MEDICINE LIBRARY (Ndola)
-- 299.98
-- RB 52 Shi
-- 1
-- AVAILABLE
-- Dec 13, 2019
-- 904525
-- Medical Library Open Access Collection
999 ## -
-- 31207
-- 31207
Holdings
Withdrawn status Lost status Source of classification or shelving scheme Damaged status Not for loan Permanent Location Current Location Shelving location Date acquired Total Checkouts Full call number Barcode Date last seen Price effective from Koha item type
          CBU-SCHOOL OF MEDICINE LIBRARY, NDOLA. CBU-SCHOOL OF MEDICINE LIBRARY, NDOLA.   11/30/2022   RB 52 Shi 904525 11/30/2022 11/30/2022 MONOGRAPH